00522nam a2200181Ia 450000500170000000800410001704000190005804100120007708200170008910000160010624500770012226000350019930000100023465000210024465100320026570000330029785000100033020230404110414.0131103s9999 xx 000 0 und d aLoreto College aEnglish a891.448bPEN aThomas, Pen aThamas Pener rajnaitik rachanabolictranslated by Prabhat Kumar Banerjee aBombaybParl Publicationc1958 a240p  aAmerican History aAmerican Politics - History aBanerjee, Prabhat Kumar, tr. aLCLIB